00357nam a2200133 a 45000010010000000030011000100080041000210350026000620820014000881000021001022450037001232600050001606500013002100000-9335ELIB.Books110520 1988  a(ELIB.Books)0000-9487 a230 bFly aFlynn, Leslie B. aWhen the saints come storming in bEngland: A Division of Scripture Press c1988 aTheology